000 05331nam a22003737a 4500
001 0072445
003 KOHA_MİRAKIL
005 20260207005055.0
007 ta
008 241206b2010 tu |||gr||||#0|||0|tur |
020 _a6058868807
020 _a9786058868809
040 _aTR-BiSEU
_btur
_cTR-BiSEU
_erda
041 0 _atur
044 _ctu
050 _aDR603
_b.S56 2003
100 1 _aSinanoğlu, Oktay.
245 1 _aNe yapmalı?/
_cOktay Sinanoğlu ; Oktay Sinanoğlu.
250 _a20. Basım
264 1 _aİstanbul :
_bBilim + Gönül
_c2010
300 _aVIII, 359 sayfa; 21 cm.
336 _ametin
_btxt
_2rdacontent
337 _aaracısız
_bn
_2rdamedia
338 _acilt
_bnc
_2rdacarrier
505 _aBİLİM + GÖNÜL ile 1 GENÇLİĞE SESLENİŞ 5 "ULUSAL BİRLİK
_x ZAMANIDIR" 9 NE YAPMALI ? 13 TÜRKİYE'NİN BEKASI İÇİN 17
_x Savaş ve Seçim 17 Savaş ve Avrupa'dakiler 19 Çeşitli Ülke
_x Başındakilerin Başa Gelişi 20 Dışarıda Unuttuğumuz Türkler; Ya
_x Irak'takiler? 24 3 Ağustos 2002 Gününü Kimse Unutmasın 26
_x Lozan'a Ne Oldu? 27 ve Avrupa Birliği 29 Avrupalılar AB'den
_x Şikayetçi 30 Tam AB Dağılmak Üzereyken 31 Ankara Sokaklarına O
_x Mavi Levhaları Kim Astırdı? 32 "AB Dağılacak" Diyen Avrupalı
_x Türkiye'ye Ne Diyor? 32 Ne mi Yapmalıyız? 33 a- İç Siyaset ve
_x Ulusal Hâkimiyet 33 b- Dış Siyaset - Türk Kültür Siyaseti 34
_x c- Son Birkaç Yıldır Verilenleri Geri Alacağız 36 d- Sanayi Tarım,
_x İktisat 37 e- Siyaset Yolsuzluk ve Geçim Kaynağı Olmaktan
_x Çıkarılacak 38 f- Evrenkentler 40 KOCATEPE KONUŞMASI 42
_x İngilizce Yalanıyla Uyutulduk 42 Milleti Nasıl Böldüler? 45
_x Sinsi Fetih 47 Ama Türk Milleti Tek vücuttur. Göreceksiniz 48
_x İtalyan Bilim Adamları Karşısında Bir Türk Başbakanı 49
_x Küreselleşme Yalanı 50 Batı'nın Tarihine Altın Harflerle 51
_x İslam Dünyasına, Oradan Batı'ya, Bilim Nereden Geldi 53
_x POLONYALILAŞTIRAMADIKLARIMIZDAN MISINIZ? İngiliz Aydınları
_x Küreselleşme ve Özelleştirmeden Şikâyetçi 56 İrlandalılar,
_x İngilizler ve "Patates Kıtlığı" 61 Bütün Ülkelerde Aynı
_x Küresel Çökertme Planı 61 Parlamenter = Boş Lâf Üreten 64
_x Kabine = Hacethane 67 Tek Diktatörle İşlerini Yürütmek
_x İstiyorlar 67 Destablation 68 Tahterevalli Kuramı 69 BEYİN
_x YIKAMA ÇAMAŞIRHANESİ 72 Avrupa Ülkelerinde Avrupa Birliğinden
_x Memnun Olan Bir Tek Kişiye Rastlamadım 72 Avrupa'da Halk Euro'dan
_x Şikâyetçi 74 Avrupa'da da İşsizlik Kol Geziyor 75 Aklın
_x "Yazılımı" ve "Donanımı" 78 Bir de Kültürel Evrim Var 79
_x Bilimin Küresel Kıraliyetçiler Tarafından Kötüye Kullanılması 80
_x Küresel Kıraliyetçiler Robot İnsan Üretecek 81 İnsan İçin
_x Gerekli Olan Yazılım: Eğitim 82 Milli Eğitim Bakanlığı'nda 60
_x Amerikalı Danışman 83 Sahte Eğitim: Beyin Yıkama
_x Çamaşırhanesi 85 YENİDEN DİRİLİŞ İÇİN TÜRK HANIMLARINA,
_x TÜRK ANALARINA ÇAĞRI 90 Ülkenin Bitirilmesi Gezim (Turizm)
_x Bahanesiyle Nasıl Başladı? 93 Hıristiyanlık Sayesinde mi İlerledi?
_x 95 Batı'nın Yobazları 96 Büyük Türk-Müslüman Devletleri
_x Nasıl Yıkıldı? 97 Toplumsal Tamirat 99 Tarzan Fizikçi
_x Olacakmış(î) 101 Durum Vahim Ama 101 Peki Hanımlar Ne
_x Yapmalı? 103 "Türk Aynştaynı" Günümüzün "Evliya ÇelebP'si
_x Oktay Sinanoğlu 107 Olaylar Matematikseldir 108 Çürümüş
_x Batı H0 Başarı ve Zaman H5 Avrupa'da AB'den Memnun Olan Var Mı?
_x 119 Devletteki Yeni Babı-Ali (Yani "Big Door") 121 Siyaset Geçim
_x Kaynağı Olmaktan Çıkarılmalı 124 Siyaseti Geçim Kaynağı
_x Olmaktan Çıkarmak İçin 127 Kişisel Çıkar Değil Hizmet
_x Aşkı 128 Ömür Boyu Maaş Yok 128 Yetenek.. Ülkeye
_x Bağlılık 129 Yabancılardan Destek, Talimat Almamak 130
_x Başörtüsü için mi Avrupa Birliği'ne? 131 Ya Başörtüsü için
_x AB'ye Girmek İstediklerini Söyleyenler? 132 Menderes, DP Devri
_x Yeniden Yaşanabilir Mi? 134 Devletle Millet, Aydınla Halk 138 Üç
_x Kale 141 AB Komasında Bir Ülke 144 Atatürk'ün Sözleri 148
_x Araba Fıçısı Dünya 151 Gün Olur 155 Savaşın Rüzgârında 158
_x Bir Savaş Nasıl Kaybedilir? -1 162 Bir Savaş Nasıl Kaybedilir? -
_x II 166 Peki Türkler Nerede? 172 Kanmayın Kardeşler, Gelin Birlik
_x Olalım 175 Pazarlık - Birinci Oturum 177 Pazarlık - İkinci
_x Oturum 182 Almanya'daki Türklere Türkçe Engelleniyor, Ama
_x Türkiye'de 188 Fransa'da Gene Başörtüsü Olayı; Ya Türkiye'de 192
_x Beşikten Mezara Dershane 196 Medrese -Dârülfünun -Üniversite -
_x Evrenkent 200 Bilim Ve Teknikle Kalkınma Seferberliği İçin 204
_x Doktora Yapmakta Olan Öğrenciler 208 Doktora İçin Araştırma 212
_x Bilimin Haritası 215 YÖK Garabetinin Kurbanı Yardımcı
_x Doçentlerin Hali 220 SİNANOĞLU GENÇLİĞİNDEN DUYURU 224
_x Prof. Dr. Oktay Sinanoğlu'na Mektuplar, İletiler 228 Prof. Dr. Oktay
_x Sinanoğlu'nun Bilimsel Yayınları 339
650 0 _aTürkiye--Siyaset ve yönetim 1980-.
_910621
650 0 _aTürkiye--Politika ve idare.
_934307
650 0 _aTürkiye--Stratejik yönleri.
_969508
650 0 _aTurkey--Politics and government--1980-.
_94976
650 0 _aTurkey--Politics and government.
_97156
650 0 _aTurkey--Strategic aspects.
_98410
907 _aTarih
942 _2lcc
_cBK
999 _c73200
_d73200